| 000 | 01314 a2200169 4500 | ||
|---|---|---|---|
| 003 | Nust | ||
| 005 | 20230217104750.0 | ||
| 040 | _cNust | ||
| 082 | _a621.3,REI | ||
| 100 |
_aReitz, John R. _9101480 |
||
| 245 |
_aFoundations of electromagnetic theory / _cJohn R. Reitz and Frederick J. Milford |
||
| 260 |
_aAddison Wesley _bLondon _c1966 |
||
| 300 | _a387:p | ||
| 505 | _aVector Analysis (Page-1), Electrostatics (Page-26), Solution of Electrostatic Problems (Page-56), The Electrostatic Field in Dielectric Media (Page-97), Microscopic Theory of Dielectrics(Page-127), Electrostatic Energy(Page-141), Electric Current (Page-162), The Magnetic Field of Steady Currents (Page-190), Magnetic Properties of Matter(Page-218), Microscopic Theory of Magnetism (Page-256), Electromagnetic Induction (Page-271), Magnetic Energy (Page289), Slowly Varying Currents (Page-305), Physics of Plasmas (Page-341), Electromagnetic Properties of Superconductors (Page-365), Maxwell's Equations (Page-386), Propagation of Monochromatic Electromagnetic Waves(Page-412), Monochromatic Waves in Bounded Regions (Page-441), Dispersion and Oscillating Fields in Dispersive Media(Page-484), The Emission of Radiation (Page-525), Electrodynamics (Page-545). | ||
| 650 |
_aFoundations of Electromagnetic theory _9109191 |
||
| 942 |
_2ddc _cBK |
||
| 999 |
_c180340 _d180340 |
||